[Event "HUN-chT2 Barcza 0405"]
[Site "Hungary"]
[Date "2004.10.10"]
[Round "2"]
[White "Nemes, Zoltan"]
[Black "Toth, Sandor Sr"]
[Result "1-0"]
[WhiteElo "2070"]
[BlackElo "1870"]
[PlyCount "29"]
[EventDate "2004.09.26"]
[EventType "team"]
[EventRounds "11"]
[EventCountry "HUN"]
[SourceTitle "EXT 2009"]
[Source "ChessBase"]
[SourceDate "2008.11.26"]
[SourceVersion "1"]
[SourceVersionDate "2008.11.26"]
[SourceQuality "1"]
[WhiteTeam "DEAC"]
[BlackTeam "Puspokladany"]
[WhiteTeamCountry "HUN"]
[BlackTeamCountry "HUN"]

1. e4 e5 2. Nf3 Nc6 3. Bc4 Bc5 4. b4 Bxb4 5. c3 Ba5 6. d4 exd4 7. 0-0 Nge7 8. Ng5 d5 9. exd5 Ne5 10. Qxd4 Nxc4 11. Qxg7 Rf8 12. Nxh7 Ng6 13. Re1+ Be6 14. Nf6+ Ke7 15. Rxe6# 1-0

[Event "HUN-chT2 Barcza 0203"]
[Site "Hungary"]
[Date "2002.10.13"]
[Round "2"]
[White "Merenyi, Gabor"]
[Black "Nemes, Zoltan"]
[Result "0-1"]
[WhiteElo "2078"]
[BlackElo "2075"]
[PlyCount "110"]
[EventDate "2002.09.22"]
[EventType "team"]
[EventRounds "11"]
[EventCountry "HUN"]
[SourceTitle "EXT 2009"]
[Source "ChessBase"]
[SourceDate "2008.11.26"]
[SourceVersion "1"]
[SourceVersionDate "2008.11.26"]
[SourceQuality "1"]

1. e4 e5 2. Nc3 Nc6 3. Bc4 Nf6 4. d3 Bc5 5. Nf3 d6 6. Bg5 h6 7. Bh4 g5 8. Bg3 Bg4 9. h4 Nh5 10. Nd5 Nd4 11. c3 Nxf3+ 12. gxf3 Be6 13. b4 Bb6 14. hxg5 Nxg3 15. fxg3 Qxg5 16. g4 Bxd5 17. Bxd5 c6 18. Bb3 Qf4 19. Rh3 0-0-0 20. Qd2 Be3 21. Qh2 Qf6 22. Kd1 Rdg8 23. Kc2 Rg5 24. Rh1 Rgg8 25. Qg3 Rd8 26. Rh5 Bg5 27. Re1 Rhe8 28. a4 d5 29. exd5 cxd5 30. Qf2 d4 31. Re4 Kb8 32. c4 b6 33. Rh1 Qd6 34. Qe1 Be3 35. b5 Rf8 36. Rh5 Rde8 37. a5 f6 38. a6 Qc5 39. Qh1 Bg5 40. f4 Qb4 41. Rxd4 Re7 42. Re4 Bxf4 43. Qg2 Rd8 44. Qe2 Rc7 45. Rf5 Bg5 46. Kb2 Bd2 47. d4 Qc3+ 48. Ka2 Qa5+ 49. Kb2 Bc3+ 50. Kc2 Bxd4 51. Qf3 Qa1 52. Rxd4 Qxd4 53. Rxf6 Rxc4+ 54. Bxc4 Qxc4+ 55. Qc3 Qa4+ 0-1

[Event "Cseppko op-A 08th"]
[Site "Aggtelek"]
[Date "1999.07.06"]
[Round "2"]
[White "Nemes, Zoltan"]
[Black "Biro, Peter"]
[Result "0-1"]
[WhiteElo "2080"]
[BlackElo "2199"]
[PlyCount "66"]
[EventDate "1999.07.11"]
[EventType "swiss"]
[EventRounds "9"]
[EventCountry "HUN"]
[SourceTitle "EXT 2001"]
[Source "ChessBase"]
[SourceDate "2000.11.22"]
[SourceVersion "1"]
[SourceVersionDate "2000.11.22"]
[SourceQuality "1"]

1. e4 e5 2. Nf3 d6 3. Bc4 g6 4. d4 Qe7 5. 0-0 Bg7 6. dxe5 dxe5 7. Bg5 Nf6 8. Nc3 c6 9. Qd2 h6 10. Bh4 g5 11. Bg3 b5 12. Bxf7+ Qxf7 13. Nxe5 Qe6 14. Ng6 Rg8 15. f4 gxf4 16. Nxf4 Qc4 17. Rad1 Nbd7 18. e5 Nxe5 19. Rde1 Nfd7 20. Nd3 Qe6 21. Qe2 b4 22. Nxb4 Kd8 23. Qh5 Bb7 24. Qd1 Qg4 25. Qd6 Qg6 26. Qd1 a5 27. Ne4 axb4 28. Nd6 Kc7 29. Nf5 Rgf8 30. Nxg7 Rxf1+ 31. Rxf1 Qxg7 32. Qh5 Qg5 33. Qe2 Ba6 0-1

[Event "Zemplen Cup op 9th"]
[Site "Sarospatak"]
[Date "1999.??.??"]
[Round "?"]
[White "Menyhart, Tibor"]
[Black "Nemes, Zoltan"]
[Result "1-0"]
[WhiteElo "2312"]
[BlackElo "2073"]
[PlyCount "43"]
[EventDate "1999.??.??"]
[EventType "swiss"]
[EventRounds "9"]
[EventCountry "HUN"]
[SourceTitle "EXT 2002"]
[Source "ChessBase"]
[SourceDate "2001.11.25"]
[SourceVersion "1"]
[SourceVersionDate "2001.11.25"]
[SourceQuality "1"]

1. f3 h5 2. d4 d5 3. e4 dxe4 4. Nc3 exf3 5. Nxf3 Bg4 6. Bc4 c6 7. 0-0 e6 8. Be3 Nf6 9. h3 Bf5 10. Ne5 Nd5 11. Nxd5 cxd5 12. Bb5+ Ke7 13. g4 hxg4 14. hxg4 Qb6 15. gxf5 Qxb5 16. fxe6 Nc6 17. Rxf7+ Ke8 18. Ng6 Rg8 19. Nxf8 Rxf8 20. Rxf8+ Kxf8 21. Qf3+ Kg8 22. Qf7+ 1-0

[Event "Zemplen Cup op 9th"]
[Site "Sarospatak"]
[Date "1999.??.??"]
[Round "?"]
[White "Nemes, Zoltan"]
[Black "Erdos, Viktor"]
[Result "0-1"]
[WhiteElo "2073"]
[BlackElo "2158"]
[PlyCount "60"]
[EventDate "1999.??.??"]
[EventType "swiss"]
[EventRounds "9"]
[EventCountry "HUN"]
[SourceTitle "EXT 2002"]
[Source "ChessBase"]
[SourceDate "2001.11.25"]
[SourceVersion "1"]
[SourceVersionDate "2001.11.25"]
[SourceQuality "1"]

1. e4 Nf6 2. e5 Nd5 3. d4 d6 4. Nf3 Bg4 5. Be2 e6 6. c4 Nb6 7. exd6 cxd6 8. h3 Bh5 9. Nc3 Be7 10. 0-0 0-0 11. b3 Nc6 12. Be3 d5 13. c5 Nc8 14. b4 a6 15. a4 Nxb4 16. Qb3 a5 17. Na2 Nxa2 18. Rxa2 b6 19. Rc1 bxc5 20. dxc5 Bxf3 21. gxf3 Qc7 22. Rb2 Na7 23. Qb7 Rfc8 24. Rb6 Nc6 25. Bb5 Nd8 26. Qxc7 Rxc7 27. c6 Bd6 28. Bd2 Kf8 29. Ba6 Ke7 30. Bxa5 d4 0-1

[Event "Nyiregyhaza op"]
[Site "Nyiregyhaza"]
[Date "1998.??.??"]
[Round "9"]
[White "Flament, Frederic"]
[Black "Nemes, Zoltan"]
[Result "0-1"]
[WhiteElo "2095"]
[BlackElo "2085"]
[PlyCount "42"]
[EventDate "1998.07.??"]
[EventType "swiss"]
[EventRounds "9"]
[EventCountry "HUN"]
[SourceTitle "EXT 2002"]
[Source "ChessBase"]
[SourceDate "2001.11.25"]
[SourceVersion "1"]
[SourceVersionDate "2001.11.25"]
[SourceQuality "1"]

1. f4 e5 2. fxe5 d6 3. exd6 Bxd6 4. Nf3 g5 5. g3 b6 6. d4 g4 7. Nh4 Be7 8. Ng2 Bb7 9. Bf4 Nf6 10. Nc3 a5 11. Qd2 a4 12. a3 b5 13. Nxb5 Na6 14. Nc3 Rb8 15. 0-0-0 Ne4 16. Nxe4 Bxe4 17. Qa5 0-0 18. Bh6 Qd6 19. Bxf8 Rxb2 20. Ne3 Qxa3 21. Bxe7 Rxc2+ 0-1

[Event "HUN-chT2 9798"]
[Site "Hungary"]
[Date "1998.??.??"]
[Round "?"]
[White "Nemes, Zoltan"]
[Black "Ballai, Zsolt"]
[Result "0-1"]
[WhiteElo "2150"]
[BlackElo "2320"]
[PlyCount "62"]
[EventDate "1997.??.??"]
[EventType "team"]
[EventRounds "11"]
[EventCountry "HUN"]
[SourceTitle "EXT 1999"]
[Source "ChessBase"]
[SourceDate "1998.11.16"]
[SourceVersion "1"]
[SourceVersionDate "1998.11.16"]
[SourceQuality "1"]

1. e4 c5 2. Nf3 d6 3. b3 Nf6 4. Nc3 g6 5. Bb2 Bg7 6. Nd5 0-0 7. Nxf6+ exf6 8. Bc4 Re8 9. Bd5 Nc6 10. 0-0 Be6 11. c4 Bxd5 12. exd5 Ne5 13. d4 Nxf3+ 14. Qxf3 f5 15. Rfe1 Rxe1+ 16. Rxe1 cxd4 17. Qd3 Qa5 18. Re2 Qc5 19. f3 b5 20. g4 fxg4 21. fxg4 Be5 22. h3 bxc4 23. bxc4 Rc8 24. Rc2 Qb6 25. Kg2 Qc5 26. Ba3 Qa5 27. Bc1 Qe1 28. Bd2 Qb1 29. Qb3 Qd1 30. Qd3 Bf4 31. Qxd4 Qxc2 0-1

[Event "Nyiregyhaza op"]
[Site "Nyiregyhaza"]
[Date "1998.??.??"]
[Round "4"]
[White "Nemes, Zoltan"]
[Black "Rigan, Jozsef"]
[Result "0-1"]
[WhiteElo "2085"]
[BlackElo "2180"]
[PlyCount "140"]
[EventDate "1998.07.??"]
[EventType "swiss"]
[EventRounds "9"]
[EventCountry "HUN"]
[SourceTitle "EXT 2002"]
[Source "ChessBase"]
[SourceDate "2001.11.25"]
[SourceVersion "1"]
[SourceVersionDate "2001.11.25"]
[SourceQuality "1"]

1. e4 c6 2. d4 d5 3. exd5 cxd5 4. c4 Nf6 5. Nc3 Nc6 6. Nf3 Bg4 7. cxd5 Nxd5 8. Qb3 Bxf3 9. Qxb7 Ndb4 10. Bb5 Qc8 11. Qxc8+ Rxc8 12. gxf3 Nc2+ 13. Kd1 N2xd4 14. Ba4 f6 15. Be3 Kf7 16. f4 e6 17. Rc1 Be7 18. Ke1 f5 19. Nb5 Nxb5 20. Bxb5 Nb4 21. Bc4 Bf6 22. b3 Nxa2 23. Rd1 Rc7 24. Rd6 Re8 25. Kf1 Nb4 26. Kg2 Nc2 27. Rhd1 Na3 28. Bd3 Rb8 29. Ra6 Rxb3 30. Bxa7 Be7 31. Be3 Nc2 32. Bb6 Rc6 33. Bxc2 Rcxb6 34. Ra7 Rb7 35. Bxb3 Rxa7 36. Re1 Ra6 37. Bc4 Rc6 38. Bb3 h6 39. Re5 Kf6 40. Rb5 g5 41. fxg5+ hxg5 42. h3 Rd6 43. Bc4 Rd2 44. Rb6 Bd6 45. Ra6 e5 46. Kf1 e4 47. Be2 Ke5 48. f3 exf3 49. Bxf3 Kf4 50. Bh5 Kg3 51. Bg6 Rf2+ 52. Ke1 Bb4+ 53. Kd1 Kxh3 54. Rb6 Be7 55. Re6 Bd8 56. Re3+ Kg4 57. Rd3 Bb6 58. Rb3 Bc7 59. Rc3 Bg3 60. Rc5 Bh4 61. Bf7 Rf1+ 62. Kd2 f4 63. Rc8 Re1 64. Rh8 Re5 65. Bh5+ Kg3 66. Rg8 f3 67. Rf8 g4 68. Be8 Bg5+ 69. Kd3 Bf4 70. Kd4 f2 0-1

[Event "HUN-chT2 9798"]
[Site "Hungary"]
[Date "1997.??.??"]
[Round "?"]
[White "Nemes, Zoltan"]
[Black "Nagy, Helga"]
[Result "0-1"]
[WhiteElo "2150"]
[BlackElo "2115"]
[PlyCount "152"]
[EventDate "1997.??.??"]
[EventType "team"]
[EventRounds "11"]
[EventCountry "HUN"]
[SourceTitle "EXT 1999"]
[Source "ChessBase"]
[SourceDate "1998.11.16"]
[SourceVersion "1"]
[SourceVersionDate "1998.11.16"]
[SourceQuality "1"]

1. e4 e5 2. Nf3 Nf6 3. Bc4 Nxe4 4. Nc3 Nxc3 5. dxc3 Bd6 6. Ng5 Qf6 7. Bxf7+ Ke7 8. Bb3 h6 9. Ne4 Qg6 10. Qd5 c6 11. Qd3 Bc7 12. Be3 b6 13. 0-0-0 d5 14. Ng3 Qxd3 15. cxd3 Be6 16. Ne2 Rf8 17. Rhf1 Nd7 18. Rde1 Rae8 19. f4 Kd8 20. h3 Bg8 21. Kd2 Nc5 22. fxe5 Bxe5 23. Nd4 Nxb3+ 24. axb3 Kd7 25. Bg1 Rxf1 26. Rxf1 Bf6 27. Be3 c5 28. Ne2 Ke7 29. Re1 a5 30. d4 c4 31. Ra1 Kd6 32. b4 Ra8 33. Nf4 Bf7 34. Re1 Kc6 35. Ke2 g5 36. Rf1 gxf4 37. Rxf4 Bh5+ 38. g4 Bg5 39. gxh5 Bxf4 40. Bxf4 axb4 41. Bxh6 bxc3 42. bxc3 Rh8 43. Bg5 Rxh5 44. h4 Kd6 45. Kf3 Ke6 46. Kg4 Rh7 47. h5 b5 48. h6 Rf7 49. Be3 Kf6 50. Kh5 Kf5 51. Bd2 Ra7 52. Be1 Kf6 53. Bh4+ Kf7 54. Kg5 Ra6 55. Bf2 Kg8 56. Be3 Kh7 57. Kf5 Ra3 58. Bd2 Ra2 59. Bf4 Re2 60. Kf6 b4 61. cxb4 c3 62. b5 Rb2 63. Ke6 Rxb5 64. Kd6 c2 65. Kc6 Ra5 66. Kb6 Ra8 67. Kc6 Ra5 68. Kb6 Ra8 69. Kc6 Ra1 70. Bg5 c1Q+ 71. Bxc1 Rxc1+ 72. Kxd5 Kxh6 73. Kd6 Kg7 74. d5 Kf8 75. Kd7 Rd1 76. d6 Rd2 0-1

[Event "Nyiregyhaza op"]
[Site "Nyiregyhaza"]
[Date "1996.??.??"]
[Round "9"]
[White "Ferencz, Istvan"]
[Black "Nemes, Zoltan"]
[Result "1/2-1/2"]
[WhiteElo "2180"]
[BlackElo "2025"]
[PlyCount "37"]
[EventDate "1996.07.??"]
[EventType "swiss"]
[EventRounds "9"]
[EventCountry "HUN"]
[SourceTitle "EXT 2004"]
[Source "ChessBase"]
[SourceDate "2003.11.25"]
[SourceVersion "1"]
[SourceVersionDate "2003.11.25"]
[SourceQuality "1"]

1. e4 e5 2. Nf3 Nc6 3. Bb5 f5 4. d4 fxe4 5. Nxe5 Nxe5 6. dxe5 c6 7. Bc4 Qa5+ 8. c3 Qxe5 9. Be3 d5 10. Be2 Nf6 11. Bd4 Qg5 12. g3 Bd6 13. h4 Qg6 14. h5 Qf7 15. h6 g6 16. Nd2 0-0 17. Rh4 c5 18. Be3 Nd7 19. Nxe4 1/2-1/2

[Event "Nyiregyhaza op"]
[Site "Nyiregyhaza"]
[Date "1996.??.??"]
[Round "6"]
[White "Kocsis, Gyorgy"]
[Black "Nemes, Zoltan"]
[Result "1-0"]
[WhiteElo "2290"]
[BlackElo "2025"]
[PlyCount "23"]
[EventDate "1996.07.??"]
[EventType "swiss"]
[EventRounds "9"]
[EventCountry "HUN"]
[SourceTitle "EXT 2004"]
[Source "ChessBase"]
[SourceDate "2003.11.25"]
[SourceVersion "1"]
[SourceVersionDate "2003.11.25"]
[SourceQuality "1"]

1. e4 e5 2. Nf3 Nc6 3. d4 exd4 4. Nxd4 Qh4 5. Nb5 Bb4+ 6. N1c3 Nf6 7. Nxc7+ Kd8 8. Nxa8 Nxe4 9. Be3 Nxc3 10. Qd3 Na4+ 11. c3 Nxb2 12. Qd2 1-0

[Event "Nyiregyhaza op"]
[Site "Nyiregyhaza"]
[Date "1996.??.??"]
[Round "7"]
[White "Lembak, Jurij"]
[Black "Nemes, Zoltan"]
[Result "1-0"]
[WhiteElo "2310"]
[BlackElo "2025"]
[PlyCount "79"]
[EventDate "1996.07.??"]
[EventType "swiss"]
[EventRounds "9"]
[EventCountry "HUN"]
[SourceTitle "EXT 2004"]
[Source "ChessBase"]
[SourceDate "2003.11.25"]
[SourceVersion "1"]
[SourceVersionDate "2003.11.25"]
[SourceQuality "1"]

1. c4 f5 2. Nc3 Nf6 3. g3 g6 4. Bg2 Bg7 5. Nf3 0-0 6. 0-0 d6 7. d4 Nc6 8. d5 Na5 9. Nd2 c5 10. a3 b6 11. Qc2 Rb8 12. b4 Nb7 13. Nb3 Nh5 14. f4 e5 15. Bd2 exf4 16. gxf4 h6 17. Rae1 g5 18. e3 Bd7 19. b5 Nf6 20. e4 Nxe4 21. Nxe4 fxe4 22. fxg5 Rxf1+ 23. Rxf1 hxg5 24. Bxe4 Qe7 25. Bh7+ Kh8 26. Bg6 Bh3 27. Rf3 g4 28. Rf5 Kg8 29. Bf7+ Qxf7 30. Rxf7 Kxf7 31. Bc3 Rf8 32. Nd2 Bxc3 33. Qxc3 Na5 34. Kf2 Kg6+ 35. Kg3 Rf6 36. Qe3 Rf5 37. Qe6+ Rf6 38. Qg8+ Kh5 39. Qh7+ Rh6 40. Qf5# 1-0

[Event "Nyiregyhaza op"]
[Site "Nyiregyhaza"]
[Date "1996.??.??"]
[Round "8"]
[White "Nemes, Zoltan"]
[Black "Szurovszky, Elek"]
[Result "1/2-1/2"]
[WhiteElo "2025"]
[BlackElo "2255"]
[PlyCount "107"]
[EventDate "1996.07.??"]
[EventType "swiss"]
[EventRounds "9"]
[EventCountry "HUN"]
[SourceTitle "EXT 2004"]
[Source "ChessBase"]
[SourceDate "2003.11.25"]
[SourceVersion "1"]
[SourceVersionDate "2003.11.25"]
[SourceQuality "1"]

1. e4 d6 2. d4 g6 3. h4 h5 4. Nc3 Bg7 5. Be3 c6 6. Qd2 Qa5 7. a3 Nd7 8. b4 Qc7 9. Bd3 Ngf6 10. Nge2 Ng4 11. 0-0 Nxe3 12. Qxe3 Nf6 13. f3 e5 14. dxe5 dxe5 15. Qc5 Qb6 16. Na4 Qxc5+ 17. Nxc5 0-0 18. a4 b6 19. Nb3 Be6 20. Rfb1 Nd7 21. a5 b5 22. a6 Rfc8 23. Na5 Nb6 24. Nb7 Bf8 25. Nc1 Na4 26. Ra3 Nb6 27. Rc3 Nc4 28. Be2 Rab8 29. Nd3 Nd6 30. Nxe5 Nxb7 31. axb7 Rxb7 32. Rxc6 Rd8 33. Ra6 Rd2 34. Bd3 Bh6 35. Nxg6 Be3+ 36. Kh1 Rc7 37. Ne5 Bf2 38. Rc6 Rxc6 39. Nxc6 Bc4 40. Ra1 Bxd3 41. cxd3 Rxd3 42. Kh2 Rb3 43. Ne7+ Kg7 44. Nd5 Bb6 45. Ra6 Bf2 46. Ra5 Bxh4 47. Rxb5 Be1 48. Ra5 Bf2 49. Ra2 Bb6 50. Kg3 Rb1 51. Kf4 Bd4 52. Kg5 Rh1 53. f4 Rh2 54. Kf5 1/2-1/2

[Event "Hajduboszormeny op"]
[Site "Hajduboszormeny"]
[Date "1996.??.??"]
[Round "2"]
[White "Okhotnik, Vladimir"]
[Black "Nemes, Zoltan"]
[Result "1-0"]
[WhiteElo "2415"]
[BlackElo "2050"]
[PlyCount "45"]
[EventDate "1996.07.??"]
[EventType "swiss"]
[EventRounds "9"]
[EventCountry "HUN"]
[SourceTitle "EXT 2004"]
[Source "ChessBase"]
[SourceDate "2003.11.25"]
[SourceVersion "1"]
[SourceVersionDate "2003.11.25"]
[SourceQuality "1"]

1. e4 e5 2. Nf3 Nc6 3. Bc4 Nf6 4. d4 exd4 5. e5 d5 6. Bb5 Ne4 7. Nxd4 Bc5 8. Be3 0-0 9. Nxc6 bxc6 10. Bxc5 Nxc5 11. Bxc6 Rb8 12. Qd4 Qg5 13. 0-0 Ne6 14. Qxd5 Rxb2 15. Nc3 Rd8 16. Qa5 Rxc2 17. Be4 Nf4 18. Kh1 Bf5 19. Rg1 Rxf2 20. Qxa7 Rfd2 21. Raf1 Be6 22. Qe3 Qxe5 23. Bxh7+ 1-0